000 00746nam a2200241Ia 4500
003 GCL
008 140319s9999 xx 000 0 ara d
040 _aGCL /
_cGCL
082 0 4 _a214.6
_bم ا
100 1 _aمحمد كامل عبدالصمد
245 1 0 _aالاعجاز العلمى فى الاسلام: القرآن الكريم /
_cمحمد كامل عبدالصمد
260 _a[S.N] :
_bالدار المصرية اللبنانية ،
_c1990
300 _a267 ص
490 _a
650 0 4 _aالاسلام
650 0 4 _aالاسلام والعلم
650 0 4 _aالادب
650 0 4 _aالاجتماع
650 0 4 _aالديانات
650 0 4 _aالعلوم البحتة
650 0 4 _aالقران
942 _2ddc
_cBK
999 _c29226
_d29226